000 00590nam a2200193 i 4500
001 10047
003 ES-MaACL
005 20230906145817.0
007 t|
008 941220s1994 ag ||||1| spa d
020 _a84-7979-119-5
080 _a86.0(82)(Cortazar,J.1.06)
100 1 _aYurkievich, Saúl.
_9117748
245 1 0 _aJulio Cortázar
_b: mundos y modos /
_cSaúl Yurkievich.
260 _aMadrid :
_bAnaya & Mario Muchnik,
_cD.L.1994.
300 _a289 p. ;
_c22 cm.
600 1 4 _aCortázar, Julio-
_xCrítica e interpretación.
_940826
852 _aES-MaACL
_jL-17422
_bR.122668
999 _c10047
_d10047